|
|
|
|
| LEADER |
00000nam a22000007a 4500 |
| 005 |
20200310231446.0 |
| 007 |
cr|||| |||| |
| 008 |
200310s2005 co |||||s|||| 00||0 spa d |
| 020 |
|
|
|a 958-9342-32-7
|
| 035 |
|
|
|a 31206
|
| 040 |
|
|
|a vLex
|
| 090 |
|
|
|c 10227
|d 10227
|
| 100 |
1 |
|
|a Garrigues Gimňez, Amparo
|
| 245 |
1 |
2 |
|a La masacre de los 19 comerciantes
|h [Recurso electrn̤ico] :
|b Sentencia de la Corte Suprema /
|c Amparo Garrigues Gimňez, Gustavo Galln̤ Giraldo
|
| 256 |
|
|
|a Servicio en ln̕ea
|
| 260 |
|
|
|a Bogot:̀
|b Comisin̤ Colombiana de Juristas,
|c 2005
|
| 300 |
|
|
|a 1 recurso electrn̤ico
|
| 506 |
1 |
|
|a Disponible solo en los productos indicados
|d vLex Global
|d vLex Global (Academic Edition, excluding Law Schools)
|d vLex Global (U.S. Academic Edition, Law Schools)
|d vLex Global (U.S. Academic Edition, excluding Law Schools)
|d vLex Global (Academic Edition, Law Schools)
|
| 650 |
0 |
4 |
|a Derecho Constitucional
|z Colombia
|
| 740 |
0 |
|
|a vLex Libros (Servicio en ln̕ea)
|
| 856 |
4 |
0 |
|u http://vlex.com/source/masacre-19-comerciantes-sentencia-corte-suprema-31206
|z Acceso restringido
|
| 942 |
|
|
|c BOOK
|
| 999 |
0 |
|
|a Constitutional right
|